| 000 | 00609nam a22001457a 4500 | ||
|---|---|---|---|
| 005 | 20251108165448.0 | ||
| 008 | 250721s1982 xx 000 0 ara d | ||
| 082 | 1 | 4 | _aم/382/توح |
| 245 | 1 | 0 | _aتوحيد الأساليب و المفاهيم المستخدمة في إحصاءات التجارة الخارجية مدخل فعال لترشيد التجارة الخارجية العربية / |
| 264 | 1 |
_aعمان : _bمجلس الوحدة الإقتصادية - الأمانة العامة، _c1982. |
|
| 300 | _a93ص | ||
| 650 | 1 | 7 | _aالتجارة الخارجية |
| 942 |
_2ddc _cREF |
||
| 999 |
_c28498 _d28498 |
||